00936 2200313 4500001002100000005001500021035002000036007000300056008004100059020002200100082001900122084002100141100002700162245006900189250003200258300003100290650003000321700003000351700002600381264004100407336002100448337003000469338002300499040002200522090002200544850001200566999002200578990002200600INLIS00000000086484020210920103513 a0010-0921000590ta210920s2021 yoi g j ind d a978-623-6600-76-404223a899.221301 a899.221301 FID t0 aFidahubaibaePengarang1 aTakdir semu /cFidahubaiba; penyunting, Iwan Kuswandi, Asmaniyah aCetakan pertama, April 2021 aviii, 112 halaman ;c21 cm 4aCerita pendek--xkumpulan0 aIwan KuswandiePenyunting0 aAsmaniyahePenyunting31aBantul :bLembaga Ladang Kata,c2021 2rdacontentateks 2rdamediaatanpa perantara 2rdacarrieravolume aYOPDYOGbinderda aCB-D.11 2021-1122 aYOPDYOG aCB-D.11/2021-1122 aCB-D.11/2021-1122